Vista normal
Vista MARC
Entrada Personal Name
Número de registros utilizados en: 1
001 - CONTROL NUMBER
- control field: 3097
003 - CONTROL NUMBER IDENTIFIER
- control field: OSt
005 - DATE AND TIME OF LATEST TRANSACTION
- control field: 20240412122129.0
008 - FIXED-LENGTH DATA ELEMENTS
- fixed length control field: 240412|| aca||aabn | a|a d
040 ## - CATALOGING SOURCE
- Original cataloging agency: OSt
- Transcribing agency: OSt
100 ## - HEADING--PERSONAL NAME
- Personal name: Arrue, Wille
670 ## - SOURCE DATA FOUND
- Source citation: Work cat.: (OSt)2294: Arrue, Wille, De "La medica" y la terapéutica. , 1991.